Statistics for Taylor Swift - august Lyrics

Click here to take the quiz!

General Stats

  • This quiz has been taken 133 times
  • The average score is 318 of 336

Answer Stats

Answer% Correct
a
100%
I
100%
the
100%
You
100%
you
100%
August
99%
it
99%
me
99%
never
99%
Never
99%
"Never
99%
And
98%
and
98%
can
98%
do
98%
in
98%
like
98%
mine
98%
my
98%
of
98%
was
98%
we
98%
were
98%
when
98%
Your
98%
your
98%
all
96%
away
96%
bottle
96%
'Cause
96%
for
96%
For
96%
slipped
96%
To
96%
to
96%
wine
96%
"Are
95%
back
95%
Back
95%
call
95%
call?
95%
Cancel
95%
case
95%
ever
95%
have
95%
hope
95%
just
95%
moment
95%
on
95%
plans
95%
say
95%
time
95%
before"
94%
But
94%
see
94%
sure?"
94%
Whispers
94%
you'd
94%
behind
93%
car"
93%
door
93%
"Get
93%
mall"
93%
"Meet
93%
more
93%
air
91%
anything
91%
livin'
91%
remember
91%
Remember
91%
remember?
91%
said
91%
Salt
91%
then
91%
us
91%
"us"
91%
enough
90%
had
90%
lose
90%
bedsheets
89%
could
89%
up
89%
at
88%
needed
88%
rust
88%
Wanting
88%
beneath
87%
live
87%
love
87%
name
87%
pulled
87%
still
87%
summer
87%
weren't
87%
better
85%
memory
85%
So
85%
write
85%
you're
85%
changin'
84%
lost
84%
thinkin'
84%
canceled
83%
school?
83%
twisted
83%
Wishin'
83%
much
82%
sun
82%
into
80%
saying
79%
sipped
74%
Will
72%
no
71%

Score Distribution

Percentile by Number Answered

Percent of People with Each Score

Your Score History

You have not taken this quiz